Genetic programming IV : routine human-competitive machine intelligence

Αποθηκεύτηκε σε:
Λεπτομέρειες βιβλιογραφικής εγγραφής
Κύριος συγγραφέας: Koza, John
Μορφή: Βιβλίο
Γλώσσα:English
Δημοσίευση: New York : Springer, 2005
Σειρά:Genetic programming series
Θέματα:
Ετικέτες: Προσθήκη ετικέτας
Δεν υπάρχουν, Καταχωρήστε ετικέτα πρώτοι!

MARC

LEADER 00000nam a2200000 i 4500
001 1/51227
008 070808s2005 eng d
020 |a 978-0-387-25067-0 
020 |a 0-387-25067-0 
035 |l 10089664 
040 |a GR-MY-UA  |b gre  |e aacr 
041 0 |a eng 
082 0 |a 006.31 KOZ  |2 (22) 
100 1 |a Koza, John. 
245 1 0 |a Genetic programming IV :  |b routine human-competitive machine intelligence /  |c John R. Koza ... [και ά.] 
260 |a New York :   |b Springer,   |c 2005 
300 |a xxviii, 590σ.;  |b σχ. πιν.;  |c 24εκ.+  |e 1 οπτική δισκέτα λεϊζερ Η/Υ 4 3/4 ιν 
490 1 |a Genetic programming series 
504 |a Βιβλιογραφία: σ. 555-573. Ευρετήριο. 
650 0 0 |a Genetic programming (Computer science) 
830 0 |a Genetic programming series 
852 |a INST  |b CHIOS  |e 20070808  |h 006. 31 KOZ  |p 005200025780  |q 005200025780  |t BK  |y 0 
852 |a INST  |b CHIOS  |e 20071010  |h 006. 31 KOZ   |p 005200028914  |q 005200028914  |t BK  |y 0 
901 |a BIBL2-2007-2 
909 |a Χ  |b 136948 
909 |a Χ  |b 131162 
922 |a 2ΕΛΗ  |b 200707  |c ΕΠΕΑΕΚ2/ΤΜΟΔ  |d ΠΑΠΑΣΩΤΗΡΙΟΥ 
970 |a ΑΤΣΑΛΗ  |b ΔΕΣΠΟΙΝΑ  |z 2007/08/08